Countries Where Ice Hockey is the Most Popular Sport - Statistics

General Stats
  • This quiz has been taken 1,779 times
  • The average score is 4 of 5
Answer Stats
Continent Country % Correct
North America Canada
99%
Europe Finland
93%
Europe Latvia
67%
Europe Slovakia
59%
Europe Austria
44%
No matching quizzes found
Score Distribution
Percent of People with Each Score
Percentile by Number Answered
Your Score History
You have not taken this quiz